Agroforestry : Potentials and opportunities

Bibliographic Details
Main Author: Pathak, P. S.
Other Authors: Newaj, Ram
Format: Book
Published: Jodhpur, India : Agrobios (India) , 2003
Subjects:

MARC

LEADER 00000cam a2200000 7i4500
001 0000003542
005 20060413.0
020 0 0 |a 8177542001 
090 0 0 |a 634.99   |b PAT 
100 1 0 |a Pathak, P. S. 
245 1 0 |a Agroforestry :   |b Potentials and opportunities   |c P. S. Pathak & Ram Newaj 
260 0 0 |a Jodhpur, India :   |b Agrobios (India) ,   |c 2003 
300 |a 340 p. ;   |c 25 cm. 
650 0 0 |a Agricultural systems 
650 0 0 |a Agroforestry   |z India 
650 0 0 |a Land use, Rural 
700 1 1 |a Newaj, Ram 
999 |a 0000006898   |b Monograph   |c Open Shelf   |e Default branch